| 000 | 00862cam a2200313 i 4500 | ||
|---|---|---|---|
| 001 | 768714001 | ||
| 003 | CO-MdFUSB | ||
| 005 | 20241204103611.0 | ||
| 007 | ta | ||
| 008 | 241204t1924 -us||||| |||| 00| 0 spa d | ||
| 020 | _a978-8472287631 | ||
| 040 | _cCO-MdFUSB | ||
| 041 | 0 | _aspa | |
| 082 | 0 | 4 |
_223 _a236.4 _bB631m |
| 100 | 1 |
_aBlackstone, W. E. (William E.) (1841-) _eautor |
|
| 245 | 1 | 0 |
_aJesús viene / _c W. E. Blackstone ; traducido por Vicente Mateu |
| 250 | _a4 | ||
| 264 | 1 |
_aLos Angeles, CA., USA : _bCasa Bíblica de los Ángeles, _c[1924] |
|
| 264 | 4 | _c©1924 | |
| 300 | _a246 Pag | ||
| 336 |
_atexto _btxt _2rdacontent |
||
| 337 |
_2rdamedia _asin mediación _bn |
||
| 338 |
_2rdacarrier _avolumen _bnc |
||
| 563 | _aRustico | ||
| 653 | _aEscatología | ||
| 700 |
_aMateu, Vicente _911176 _etraductor |
||
| 942 | _cBK | ||
| 945 | _aMiguel | ||
| 999 |
_c35015 _d35015 |
||